El hombre en busca de sentido
I tiakina i:
| Kaituhi matua: | |
|---|---|
| Hōputu: | Pukapuka |
| Reo: | Pāniora |
| I whakaputaina: |
Barcelona
Herder
1981
|
| Putanga: | 2a. ed |
| Ngā marau: | |
| Ngā Tūtohu: |
Tāpirihia he Tūtohu
Kāore He Tūtohu, Me noho koe te mea tuatahi ki te tūtohu i tēnei pūkete!
|
MARC
| LEADER | 00000cam a2200000 a 4500 | ||
|---|---|---|---|
| 001 | UCE6370 | ||
| 003 | CL-VaPUC | ||
| 008 | 150409e19810000sp |||||||||||||||||spa|d | ||
| 020 | |a 8425411017 | ||
| 082 | 0 | 4 | |a 616.891 |b FRA |2 21 |
| 100 | 0 | |a Frankl, Viktor E |e author |9 579030 | |
| 245 | 1 | 3 | |a El hombre en busca de sentido |
| 250 | |a 2a. ed | ||
| 300 | |a 132 p | ||
| 942 | |c BK | ||
| 945 | |d 20150409 10:07:00 |a dcastane | ||
| 260 | |a Barcelona |b Herder |c 1981 | ||
| 650 | 7 | |a PSICOTERAPIA |2 CL-VaPUC |9 579031 | |
| 650 | 0 | |a Logoterapia |9 307575 | |
| 650 | 0 | |a Tests psicológicos |9 308644 | |
| 650 | 0 | |a Psicoanálisis |9 265702 | |
| 583 | |a last modification |c 20150409 10:07:00 |k Rodrigo Vera | ||
| 999 | |c 358702 |d 358700 | ||
| 952 | |0 0 |1 0 |2 ddc |3 erb |4 0 |6 616_891000000000000_FRA_1981 |7 0 |8 R |9 467575 |a BIBEDU |b BIBEDU |c MCIRC |i 5158737 |l 7 |m 1 |o 616.891 FRA 1981 |p 5158737 |r 2024-10-02 |s 2024-10-02 |w 2019-11-23 |y BK_R |z Catalogado en:20150409 |k EDU | ||